Analýza vývoja finančnej situácie a výdavkov domácností v SR bakalárska práca

Gespeichert in:
Bibliographische Detailangaben
1. Verfasser: Stupavský, Michal
Körperschaft: Fakulta hospodárskej informatiky EU. Katedra štatistiky
Weitere Verfasser: Sipková, Ľubica, 1962-
Format: Buch
Sprache:Slowakisch
Veröffentlicht: Bratislava 2011
Tags: Tag hinzufügen
Keine Tags, Fügen Sie das erste Tag hinzu!

MARC

LEADER 00000nbm a2200000 4500
001 0141339
005 20161109111750.8
041 0 |a slo 
044 |a SK 
245 1 0 |a Analýza vývoja finančnej situácie a výdavkov domácností v SR  |b bakalárska práca  |c Michal Stupavský ; školiteľ: Ľubica Sipková 
264 1 |a Bratislava  |c 2011 
300 |a 53 s. 
100 1 |a Stupavský, Michal 
700 1 |a Sipková, Ľubica, 1962- 
710 2 |a Fakulta hospodárskej informatiky EU. Katedra štatistiky